header

Adhesives (Record no. 161942)

MARC details
000 -LEADER
fixed length control field 01320nam a2200337 a 4500
082 04 - DEWEY DECIMAL CLASSIFICATION NUMBER
Classification number 620.1/99
245 00 - TITLE STATEMENT
Title Adhesives
260 ## - PUBLICATION, DISTRIBUTION, ETC. (IMPRINT)
Place of publication New York :
Name of publisher Nova Science Publishers,
Year of publication c2011.
300 ## - PHYSICAL DESCRIPTION
Number of Pages x, 163 p. :
Other physical details ill.
490 1# - SERIES STATEMENT
Series statement Materials science and technologies
650 #0 - SUBJECT ADDED ENTRY--TOPICAL TERM
Topical Term Adhesives.
700 1# - ADDED ENTRY--PERSONAL NAME
Personal name Doyle, Jack S.
Personal name O'Quinn, Ryan C.
856 40 - ELECTRONIC LOCATION AND ACCESS
Uniform Resource Identifier http://site.ebrary.com/lib/rucke/Doc?id=10670965

No items available.

© 2026 Rongo University
Contact us: librarian | system librarian | Rongo university